|
|
|
|
| LEADER |
02465nam a2200565 i 4500 |
| 001 |
001536260 |
| 003 |
CZ BrMZK |
| 005 |
20160808115846.0 |
| 007 |
ta |
| 008 |
160721s2014 xxka f f 001 0 eng |
| 020 |
|
|
|a 978-0-9930690-0-0
|q (brožováno)
|
| 040 |
|
|
|a BOA001
|b cze
|e rda
|
| 072 |
|
7 |
|a 025
|x Organizace knihoven a knihovních fondů
|2 Konspekt
|9 12
|
| 080 |
|
|
|a 681.85
|2 MRF
|
| 080 |
|
|
|a 025.177
|2 MRF
|
| 080 |
|
|
|a 930.253-028.26
|2 MRF
|
| 080 |
|
|
|a 004.08:930.25
|2 MRF
|
| 080 |
|
|
|a (035)
|2 MRF
|
| 100 |
1 |
|
|a Boston, George
|4 aut
|
| 245 |
1 |
0 |
|a Handling and storage of audio and video carriers : IASA-TC 05 /
|c contributing authors George Boston, Kevin Bradley, Mike Casey, Stefano S. Cavaglieri, Jean-Marc Fontaine, Lars Gaustad, Albrecht Häfner, Stig-Lennard Molneryd, Richard Ranft, Dietrich Schüller, and Nadja Wallaszkovits, guest authors Friedrich Engel, Patrick Feaster, and Sebastian Gabler ; edited by Dietrich Schüller and Albrecht Häfner
|
| 250 |
|
|
|a Ist edition
|
| 264 |
|
1 |
|a London :
|b International Association of Sound and Audiovisual Archives,
|c 2014
|
| 300 |
|
|
|a 64 stran :
|b barevné ilustrace ;
|c 25 cm
|
| 336 |
|
|
|a text
|b txt
|2 rdacontent
|
| 337 |
|
|
|a bez média
|b n
|2 rdamedia
|
| 338 |
|
|
|a svazek
|b nc
|2 rdacarrier
|
| 504 |
|
|
|a Obsahuje bibliografii, bibliografické odkazy a rejstřík
|
| 650 |
0 |
7 |
|a zvukové nosiče
|7 ph127703
|2 czenas
|
| 650 |
0 |
7 |
|a audiovizuální dokumenty
|7 ph114093
|2 czenas
|
| 650 |
0 |
7 |
|a audiovizuální archivy
|7 ph624741
|2 czenas
|
| 650 |
0 |
7 |
|a digitální repozitáře
|7 ph162008
|2 czenas
|
| 655 |
|
7 |
|a příručky
|7 fd133209
|2 czenas
|
| 700 |
1 |
|
|a Bradley, Kevin
|7 ntk2016922306
|4 aut
|
| 700 |
1 |
|
|a Casey, Mike
|4 aut
|
| 700 |
1 |
|
|a Cavaglieri, Stefano S.
|4 aut
|
| 700 |
1 |
|
|a Fontaine, Jean-Marc
|4 aut
|
| 700 |
1 |
|
|a Gaustad, Lars
|4 aut
|
| 700 |
1 |
|
|a Häfner, Albrecht
|7 ntk2016922439
|4 aut
|4 edt
|
| 700 |
1 |
|
|a Molneryd, Stig-Lennard
|4 aut
|
| 700 |
1 |
|
|a Ranft, Richard
|4 aut
|
| 700 |
1 |
|
|a Schüller, Dietrich,
|d 1939-
|7 ntk2016922416
|4 aut
|4 edt
|
| 700 |
1 |
|
|a Wallaszkovits, Nadja,
|d 1969-
|7 js20101216001
|4 aut
|
| 700 |
1 |
|
|a Engel, Friedrich
|4 aut
|
| 700 |
1 |
|
|a Feaster, Patrick
|4 aut
|
| 700 |
1 |
|
|a Gabler, Sebastian
|4 aut
|
| 710 |
2 |
|
|a International Association of Sound and Audiovisual Archives
|7 kn20090625024
|4 isb
|
| 910 |
|
|
|a BOA001
|b 2-1369.835
|
| 990 |
|
|
|a BK
|
| 991 |
|
|
|b 201608
|c NOV
|
| 996 |
7 |
|
|b 2610676762
|c 2-1369.835
|l MZK
|r Sklad / do 1 hodiny
|n 1
|p kupz
|w 001571202
|u 000010
|a 1
|e BOA001
|j MZK50
|s A
|